01818 am a2200445 a 450000500170000000800410001702000150005804100080007310000200008124500340010125000900013526000360022530000120026150000680027365300410034165300320038265300520041465300380046665300100050465300190051465300700053365300450060365300440064865300870069265300580077965300460083765300250088365300250090865300190093365300580095265300300101065300430104065300210108365300420110465300460114665300800119265300220127265300250129465300530131920240624133157.0100316s2005||||mx a f |||| 001 0 spa d a9701038940 aspa1 aChang, Raymond. aQuímica / cRaymond Chang. a7a ed.bTraducción María del Carmen Ramírez Medeles y Rosa Zugazagoltia Herranz aMéxico: bMcGraw-Hill;c2005. a1001 p. aChang, R. (2007). Química. (7a ed.). México : McGraw-Hill.  aQuímica: el estudio de los cambios aAtomos, moléculas y iones aRelaciones de masa en las reacciones químicas aReacciones en disolución acuosa aGases aTermoquímica aTeoría cuántica y la estructura electrónica de los átomos aRelaciones periódicas de los elementos aEnlace químico I: conceptos básicos aEnlace químico II: geometría molecular e hibridación de orbitales atómicos aFuerzas intermoleculares y los líquidos y sólidos aPropiedades físicas de las disoluciones aCinética química aEquilibrio químico aAcidos y bases aEquilibrios ácido-base y equilibrios de solubilidad aQuimica de la atmósfera aEntropia, energía libre y equilibrio aElectroquímica aMetalurgia y química de los metales aElementos no metálicos y sus compuestos aQuímica de los metales de transición y los compuestos de coordinación aQuímica nuclear aQuímica orgánica aPolímeros orgánicos sintéticos y naturales